Hispanic Comunities in the United States /
Enregistré dans:
| Auteur principal: | |
|---|---|
| Format: | Texte |
| Sujets: | |
| Tags: |
Ajouter un tag
Pas de tags, Soyez le premier à ajouter un tag!
|
MARC
| LEADER | 00000 a a2200000 04500 | ||
|---|---|---|---|
| 001 | 42894 | ||
| 003 | |||
| 040 | |||
| 100 | |a Fox, Geoffrey | ||
| 245 | |a Hispanic Comunities in the United States / |c Geoffrey Fox | ||
| 650 | |a CULTURA | ||
| 650 | |a INMIGRANTES | ||
| 650 | |a ETNICIDAD | ||
| 650 | |a IDENTIDAD CULTURAL | ||
| 650 | |a CUBANOS | ||
| 773 | |g volumen23, número3 ( , 1988), páginas 227-237 | ||
| 999 | |c 34910 |d 34910 | ||
